00378nam a2200145Ia 450000500170000000800410001708200160005810000220007424500330009626000430012930000130017265000210018565000120020665000140021820240815035000.0240331s9999 xx 000 0 und d bWICa491.48 aWickremasinghe, M 0aSinhala language and culture aDehiwalabTisara Prakasakayo Ltdc1975 a155 p ., aSinhala Language aCulture aPolitical